| 000 | 00708nam a2200205 i 4500 | ||
|---|---|---|---|
| 001 | 185700 | ||
| 003 | ES-MaACL | ||
| 005 | 20250802063122.0 | ||
| 008 | 160803s1867 gw |||| | eng d | ||
| 100 | 1 |
_aCharles, Elizabeth Rundle, _d1828-1896 _9156042 |
|
| 245 | 1 | 0 |
_aChronicles of the Schönberg-Cotta family / _c[Elizabeth Rundle Charles]. |
| 260 |
_aLeipzig : _bBernhard Tauchnitz, _c[1867] |
||
| 300 |
_a1 vol. ; _c16 cm. |
||
| 490 | 1 |
_aCollection of British Authors ; _v933-4 |
|
| 500 | _aEl encabezamiento tomado del Brit. Mus. Cat. | ||
| 597 | _a2 t. en 1 vol. | ||
| 830 | 0 |
_aCollection of British Authors ; _v933-4 _9180703 |
|
| 852 |
_aES-MaACL _jG-13083 |
||
| 999 |
_c185700 _d185700 |
||